000 00305nam a22001337a 4500
008 170612b xxu||||| |||| 00| 0 eng d
020 _a9780024187109
041 _aeng
080 _a32
100 _a19
101 _aSHP
245 _aAPPROACH TO THE STUDY OF POLITICS
_cSUSSER.B
942 _2udc
_cBK
999 _c16904
_d16904